Biology and biotechnology of the plant hormone ethylene II

محفوظ في:
التفاصيل البيبلوغرافية
التنسيق: كتاب
اللغة:Undetermined
منشور في: Dordrecht, The Netherlands Kluwer Academic 1999
الموضوعات:
الوسوم: إضافة وسم
لا توجد وسوم, كن أول من يضع وسما على هذه التسجيلة!
Thư viện lưu trữ: Trung tâm Học liệu Trường Đại học Cần Thơ
LEADER 00466nam a2200157Ia 4500
001 CTU_53109
008 210402s9999 xx 000 0 und d
020 |b 2608000 
082 |a 575 
082 |b B615 
245 0 |a Biology and biotechnology of the plant hormone ethylene II 
260 |a Dordrecht, The Netherlands 
260 |b Kluwer Academic 
260 |c 1999 
650 |a plant physiology,biochemistry 
980 |a Trung tâm Học liệu Trường Đại học Cần Thơ